书目信息 |
| 题名: |
自强新政
|
|
| 作者: | 赵睿 编著 | |
| 分册: | ||
| 出版信息: | 上海 上海书店 2002 |
|
| 页数: | 211页 | |
| 开本: | 20cm | |
| 丛书名: | 历史聚焦 | |
| 单 册: | ||
| 中图分类: | K256.109 | |
| 科图分类: | ||
| 主题词: | 洋务运动--青少年读物 | |
| 电子资源: | ||
| ISBN: | 7-80622-731-8 | |
| 000 | 00864nam0 2200265 450 | |
| 000 | 00893nam0 2200277 450 | |
| 000 | 00822nam0 2200253 450 | |
| 000 | 00785nam 2200241 45 | |
| 005 | 20070529143726.31 | |
| 010 | @a7-80622-731-8@dCNY12.00 | |
| 100 | @a20051110d2002 ekmy0chiy0120 ea | |
| 101 | 0 | @achi |
| 102 | @aCN@b310000 | |
| 105 | @aa z 000yy | |
| 200 | 1 | @a自强新政@AZi Qiang Xin Zheng@f赵睿编著@FZhao Rui Bian Zhu |
| 210 | @a上海@c上海书店@d2002 | |
| 215 | @a211页@c图@d20cm | |
| 225 | 2 | @a历史聚焦@f冯小敏,项伯龙主编 |
| 330 | @a本书资料翔实,描述生动,对自强求富的洋务运动作全景式观照。三百幅珍贵的历史图片随文插配,形象地再现了步履维艰的坎坷岁月。 | |
| 410 | 0 | @12001 @a历史聚焦 |
| 606 | 0 | @a洋务运动@j青少年读物 |
| 690 | @aK256.109@v4 | |
| 701 | 0 | @a赵睿@AZhao Rui@4编著 |
| 801 | 0 | @aCN@bFYSX@c20070529 |
| 905 | @a10447@dK256.109@e45 | |
| 自强新政/赵睿编著.-上海:上海书店,2002 |
| 211页:图;20cm.-(历史聚焦/冯小敏,项伯龙主编) |
| ISBN 7-80622-731-8:CNY12.00 |
| 本书资料翔实,描述生动,对自强求富的洋务运动作全景式观照。三百幅珍贵的历史图片随文插配,形象地再现了步履维艰的坎坷岁月。 |
| ● |
| 相关链接 |
|
|
|
|
正题名:自强新政
索取号:K256.109/45
 
预约/预借
| 序号 | 登录号 | 条形码 | 馆藏地/架位号 | 状态 | 备注 |
| 1 | 0509542 | 205095421 | 第二样本阅览室/ [索取号:K256.109/45] | 在馆 | |
| 2 | 0509543 | 205095430 | 第二借阅区/ [索取号:K256.109/45] | 在馆 | |
| 3 | 0509544 | 205095449 | 第二借阅区/ [索取号:K256.109/45] | 在馆 | |
| 4 | 0509545 | 205095458 | 第二借阅区/ [索取号:K256.109/45] | 在馆 | |
| 5 | 0509546 | 205095467 | 第二借阅区/ [索取号:K256.109/45] | 在馆 | |
| 6 | 0509547 | 205095476 | 第二借阅区/ [索取号:K256.109/45] | 在馆 | |
| 7 | 0509548 | 205095485 | 第二借阅区/ [索取号:K256.109/45] | 在馆 | |
| 8 | 0509549 | 205095494 | 第二借阅区/ [索取号:K256.109/45] | 在馆 |